Muses in indology / (Record no. 132252)

MARC details
000 -LEADER
fixed length control field 00725nam a22002537a 4500
003 - CONTROL NUMBER IDENTIFIER
control field 0
005 - DATE AND TIME OF LATEST TRANSACTION
control field 20180904121620.0
008 - FIXED-LENGTH DATA ELEMENTS--GENERAL INFORMATION
fixed length control field 0
010 ## - LIBRARY OF CONGRESS CONTROL NUMBER
LC control number B-222323
020 ## - INTERNATIONAL STANDARD BOOK NUMBER
International Standard Book Number 8185032033
Terms of availability 990.00
035 ## - SYSTEM CONTROL NUMBER
System control number B-222323, B -222324, B-222328
037 ## - SOURCE OF ACQUISITION
Source of stock number/acquisition Cen Lib/Ret
040 ## - CATALOGING SOURCE
Original cataloging agency DPL
Language of cataloging EN
Transcribing agency 0
082 ## - DEWEY DECIMAL CLASSIFICATION NUMBER
Classification number 954
Item number GOS
100 ## - MAIN ENTRY--PERSONAL NAME
Personal name Goswami, Asha
9 (RLIN) 14516
245 ## - TITLE STATEMENT
Title Muses in indology /
Statement of responsibility, etc by Asha Goswami
260 ## - PUBLICATION, DISTRIBUTION, ETC. (IMPRINT)
Place of publication, distribution, etc Delhi
Name of publisher, distributor, etc Y.R. Publications
Date of publication, distribution, etc 2006
270 ## - ADDRESS
Address 7694, G. T. Road, Clock Tower
City Delhi
Postal code 110007
300 ## - PHYSICAL DESCRIPTION
Extent xxix,304p.
Dimensions 23cm(Hb)
500 ## - GENERAL NOTE
General note Includes bibliographical references and index<br/>
650 ## - SUBJECT ADDED ENTRY--TOPICAL TERM
Topical term or geographic name as entry element Indology
9 (RLIN) 26996
650 ## - SUBJECT ADDED ENTRY--TOPICAL TERM
Topical term or geographic name as entry element Indian History
9 (RLIN) 94033
942 ## - ADDED ENTRY ELEMENTS (KOHA)
Source of classification or shelving scheme Dewey Decimal Classification
Koha item type English Books
Classification part 954
Call number suffix GOS
Holdings
Withdrawn status Lost status Damaged status Not for loan Home library Current library Date acquired Source of acquisition Cost, normal purchase price Total Checkouts Total Renewals Full call number Barcode Date last seen Date checked out Copy number Cost, replacement price Price effective from Koha item type Source of classification or shelving scheme Collection code
        Central Library Central Library 21/07/2015 Cen Lib/Ret 990.00 1 1 954 GOS B-222323 09/03/2023 10/02/2023 1 990.00 21/07/2015 English Books    
        Patel Nagar Patel Nagar 30/06/2018 BPPD/Pub 990.00     954 GOS B -222324 30/06/2018   1 990.00 30/06/2018 English Books Dewey Decimal Classification Non-fiction
        Sarojini Nagar Sarojini Nagar 24/05/2019         954 GOS B-222325 24/05/2019       24/05/2019 English Books Dewey Decimal Classification Non-fiction
        Shahdara Branch Shahdara Branch 04/09/2018 BPPD/PUB 990.00 3   954 GOS B-222328 21/01/2022 03/01/2022   990.00 04/09/2018 English Books Dewey Decimal Classification Non-fiction

© Delhi Public Library
Hit Counter
free hit counter